<?xml version="1.0" encoding="UTF-8"?>
<collection xmlns="http://www.loc.gov/MARC21/slim">
 <record>
  <leader>00464pamaa2200157   4500</leader>
  <controlfield tag="001">0000020748</controlfield>
  <controlfield tag="005">20070216090000.0</controlfield>
  <datafield tag="020" ind1="0" ind2="0">
   <subfield code="a">0783548664 </subfield>
  </datafield>
  <datafield tag="090" ind1="0" ind2="0">
   <subfield code="a">SB473 </subfield>
   <subfield code="b">TIM 1997</subfield>
  </datafield>
  <datafield tag="245" ind1="0" ind2="0">
   <subfield code="a">TIME-LIFE how-to garden designs : </subfield>
   <subfield code="b">simple steps to beautiful flower gardens.</subfield>
  </datafield>
  <datafield tag="260" ind1="0" ind2="0">
   <subfield code="a">Virginia: </subfield>
   <subfield code="b">Time-Life Books, </subfield>
   <subfield code="c">1997.</subfield>
  </datafield>
  <datafield tag="300" ind1=" " ind2=" ">
   <subfield code="a">142p.: </subfield>
   <subfield code="b">col.ill.; </subfield>
   <subfield code="c">24cm.</subfield>
  </datafield>
  <datafield tag="650" ind1="0" ind2="0">
   <subfield code="a">Gardens -- </subfield>
   <subfield code="x">Design </subfield>
  </datafield>
  <datafield tag="650" ind1="0" ind2="0">
   <subfield code="a">Flower gardening </subfield>
  </datafield>
  <datafield tag="710" ind1="1" ind2="1">
   <subfield code="a">Time-Life Books </subfield>
  </datafield>
  <datafield tag="740" ind1="0" ind2="0">
   <subfield code="a">Garden designs</subfield>
  </datafield>
 </record>
</collection>
